Statistics for States of Austria

Click here to take the quiz!

General Stats

  • This quiz has been taken 7 times
  • The average score is 7 of 9

Answer Stats

State% Correct
Lower Austria
100%
Upper Austria
100%
Burgenland
86%
Salzburg
86%
Tyrol
86%
Vienna
86%
Styria
57%
Vorarlberg
57%
Carinthia
43%

Score Distribution

Percentile by Number Answered

Percent of People with Each Score

Your Score History

You have not taken this quiz